Top 50 Smallest Countries In The World - Statistics

General Stats
  • This quiz has been taken 217 times
  • The average score is 43 of 50
Answer Stats
No. Answer % Correct
1 Vatican City
99%
2 Monaco
98%
8 Saint Kitts and Nevis
96%
4 Tuvalu
95%
17 Andorra
94%
18 Saint Lucia
94%
5 San Marino
94%
44 Fiji
93%
6 Liechtenstein
93%
7 Marshall Islands
93%
3 Nauru
93%
29 Samoa
93%
23 Bahrain
92%
13 Barbados
92%
27 Luxembourg
92%
12 Saint Vincent and the Grenadines
92%
9 Maldives
91%
37 Qatar
91%
15 Seychelles
91%
21 Tonga
91%
14 Antigua and Barbuda
90%
11 Grenada
90%
22 Dominica
89%
19 Federated States of Micronesia
89%
16 Palau
89%
20 Singapore
89%
31 Trinidad and Tobago
89%
38 Vanuatu
89%
24 Kiribati
88%
10 Malta
88%
30 Cape Verde
87%
28 Comoros
87%
26 Mauritius
87%
25 São Tóme and Principe
87%
32 Brunei
84%
42 Eswatini / Swaziland
84%
41 East Timor / Timor-Leste
83%
43 Kuwait
83%
40 The Bahamas
82%
35 Jamaica
79%
48 Belize
76%
33 Cyprus
76%
46 El Salvador
74%
47 Israel
73%
36 The Gambia
73%
34 Lebanon
72%
49 Djibouti
71%
39 Montenegro
69%
50 North Macedonia
58%
45 Slovenia
57%
No matching quizzes found
Score Distribution
Percent of People with Each Score
Percentile by Number Answered
Your Score History
You have not taken this quiz